000 00275nam a2200133Ia 4500
100 _aDavignon/B.
942 _cBK
654 _aUnix programming
245 _aUnix C Programming
260 _bGalgotia
_aNew Delhi
_c1993
300 _a429
546 _aENGLISH
999 _c33217
_d33217